000 00761nam a2200265Ia 4500
003 OSt
005 20220928131447.0
006 a|||||r|||| 00| 0
007 ta
008 220927b |||||||| |||| 00| 0 eng d
020 _cUKP 127.00
024 _a136756
037 _b147, 18/01/2018, A J Books
_cTextual
040 _aSDCL
_cSDCL
_beng
041 _2eng
_aeng
082 _aD65,5:4, Q7
100 _aAl-Azzawi Abdul
_9416603
245 0 _aFibre optics
_b Principles and advanced practices
250 _a2nd
260 _aBoca Raton
_b CRC Press
_c2017
300 _axxix,448p.
_ccm.
650 _aElectronic Science
942 _hD65,5:4, Q7
_cTEXL
_2CC
999 _c790758
_d790758